[Event "Ptuj zt"]
[Site "Ptuj"]
[Date "1995.??.??"]
[Round "13"]
[White "Robatsch, Karl"]
[Black "Kindermann, Stefan"]
[Result "0-1"]
[WhiteElo "2410"]
[BlackElo "2585"]
[Annotator "Ribli,Z"]
[PlyCount "52"]
[EventDate "1995.04.??"]
[EventType "tourn"]
[EventRounds "15"]
[EventCountry "SLO"]
[EventCategory "10"]
[SourceTitle "CBM 047"]
[Source "ChessBase"]
[SourceDate "1995.08.01"]
[SourceVersion "1"]
[SourceVersionDate "1995.08.01"]
[SourceQuality "1"]

1. Nf3 Nf6 2. c4 c5 3. Nc3 Nc6 4. d4 cxd4 5. Nxd4 e6 6. a3 Nxd4 $5 {Sax's
Lieblingszug.} (6... Be7 $5) 7. Qxd4 b6 8. b4 {Das ist offenbar eine Neuerung.}
(8. Qf4 $5 Bb7 9. e4 d6 10. Bd3 Rc8 $5 $13 {Kortschnoi} (10... Be7 $6 11. Qg3
O-O 12. Bh6 Ne8 13. Bd2 $14 {Kortschnoi,V-Sax,Gy/Wijk aan Zee m/1991/CBM22/
INF51,46/})) (8. Bf4 Bc5 9. Qd2 O-O 10. Rd1 Bb7 11. Bd6 Bxd6 12. Qxd6 Rc8 13.
e3 Re8 $13 {Schwarz steht bequemer, (b7-Laeufer ueberwacht die lange Diagonale,
weisser c4 Bauer ist schwach). Karpov,A-Timman,J/FIDE-Wch/1993/CBM38/INF59,61/}
) 8... Be7 9. e4 d6 10. Bb2 O-O 11. Be2 Ba6 $5 12. Nd1 (12. O-O Rc8 {Droht /\
e5 und der c4-Bauern geht zu verlieren.} 13. Nb5 $2 (13. b5 Bb7 $13 {Schwarz
hat eine angenehme Stellung (nur Weiss hat schwaeche -e4,c4-Bauern).}) 13...
Bxb5 14. cxb5 Rc2 $1 $19 {Die Drohungen /\ Re2 oder e5,Rb2 sind unparierbar.})
12... Bb7 13. f3 Nh5 14. O-O Bf6 15. Qe3 Bg5 16. Qd4 Bf4 $1 {Natuerlich ist
der Nachziehende mit einer Zugwiederholung nicht zufrieden. Droht /\ Qh4.} 17.
g3 Qg5 18. Qf2 Be5 19. Bxe5 Qxe5 20. Ne3 Nf6 21. Nc2 d5 $1 {Dieser Vorstoss
ist fuer derartige (Igel) Stellungen typish.} 22. exd5 exd5 23. Nd4 $6 (23. c5
$5 {Dieser Zug mit der Idee /\ Rac1,Nd4 kommt auch in Betracht.}) 23... dxc4
24. Bxc4 Rad8 25. Rad1 Rfe8 {Der Nachziehende steht guenstiger, weil seine
alle Figuren sehr gut und aktiv stehen.} 26. Rfe1 $4 {Verliert sofort.} Rxd4 $1
{Ribli} (26... Rxd4 27. Rxe5 Rxd1+ 28. Kg2 Rxe5 $19) 0-1

[Event "Reykjavik zt playoff"]
[Site "Reykjavik"]
[Date "1995.??.??"]
[Round "?"]
[White "Olafsson, Helgi"]
[Black "Hansen, Lars Bo"]
[Result "1/2-1/2"]
[WhiteElo "2520"]
[BlackElo "2580"]
[Annotator "Ribli,Z"]
[PlyCount "82"]
[EventDate "1995.04.??"]
[EventType "tourn"]
[EventRounds "5"]
[EventCountry "ISL"]
[EventCategory "12"]
[SourceTitle "CBM 047"]
[Source "ChessBase"]
[SourceDate "1995.08.01"]
[SourceVersion "1"]
[SourceVersionDate "1995.08.01"]
[SourceQuality "1"]

1. c4 c5 2. Nf3 Nf6 3. Nc3 e6 4. d4 cxd4 5. Nxd4 Nc6 6. Ndb5 d5 7. Bf4 e5 8.
cxd5 exf4 9. dxc6 bxc6 10. Qxd8+ Kxd8 11. Nd4 Kc7 (11... Bd7 $5 12. g3 fxg3 13.
hxg3 Bb4 14. Bg2 Bxc3+ 15. bxc3 Kc7 $10 {Timman,J-Gligoric,S/Volmac-Partizan/
1984/INF37,44/}) 12. Rc1 (12. g3 Bc5 $6 13. Rc1 $1 fxg3 14. hxg3 Ba6 $6 15.
Nxc6 $1 $16 {Kortschnoi,V-Portisch,L/Bad Kissingen m/1983/INF35,53/}) 12... Bb7
13. g3 fxg3 14. hxg3 Rd8 15. Bg2 Bb4 (15... Rxd4 $4 16. Nb5+ $18) 16. Rh4 {
Droht /\ Ndb5.} c5 17. Ndb5+ Kb8 18. Bxb7 Kxb7 {Droht /\ a6.} 19. a3 Ba5 20.
Ra4 Bb6 {Schwarzen Laeufer steht in b6 wie einer grosser Bauer, und Weiss hat
unbedeu- tenden Vorteil (sehr wenige Figuren sind am Brett und schwarze Tuerme
sind aktiv).} 21. Ne4 Nxe4 22. Rxe4 Kc6 23. Nc3 Rhe8 $1 24. Rc4 Re5 25. f4 (25.
e3 Rd4 $10) 25... Rh5 26. Kf2 Rd2 27. g4 Rh3 28. b4 Rd4 $1 29. Rxd4 cxd4 30.
Na4+ Kd7 31. Nxb6+ axb6 32. Rc4 Rxa3 33. Rxd4+ Ke7 34. Rd5 Rc3 35. e3 h6 36.
Kf3 Rc6 37. Rb5 Kd7 38. f5 Rd6 39. Re5 Rd1 40. Rb5 Kc6 41. Re5 Kd7 {Ribli}
1/2-1/2

[Event "Copenhagen K41"]
[Site "Copenhagen"]
[Date "1995.??.??"]
[Round "4"]
[White "Akesson, Ralf"]
[Black "Wang, Zili"]
[Result "1/2-1/2"]
[WhiteElo "2500"]
[BlackElo "2505"]
[Annotator "Ribli,Z"]
[PlyCount "101"]
[EventDate "1995.06.??"]
[EventType "tourn"]
[EventRounds "9"]
[EventCountry "DEN"]
[EventCategory "10"]
[SourceTitle "CBM 048"]
[Source "ChessBase"]
[SourceDate "1995.10.01"]
[SourceVersion "1"]
[SourceVersionDate "1995.10.01"]
[SourceQuality "1"]

1. Nf3 Nf6 2. c4 c5 3. Nc3 Nc6 4. d4 cxd4 5. Nxd4 e6 6. Ndb5 Bb4 (6... d5 $5 {
Diese scharfe Fortsetzung gibt bessere ausgeglichene Chance fuer Schwarz.} 7.
Bf4 e5 8. cxd5 exf4 9. dxc6 bxc6 10. Qxd8+ Kxd8 11. Rd1+ Bd7 12. Nd6 Bxd6 13.
Rxd6 Rb8 $10 {Smejkal,J-Kavalek,L/Ostrava/1994/CBM42/}) 7. Bf4 O-O 8. Bc7 $5 (
8. Bd6 Bxd6 9. Nxd6 Qb6 10. Qd2 Nd4 11. O-O-O Qxd6 12. Qxd4 Qxd4 13. Rxd4 b6
$10 {Rubinetti,J-Hulak,K/Toluca izt/1982/INF34,(63)/}) 8... Qe7 9. Bd6 Bxd6 10.
Qxd6 Qd8 11. e3 (11. e4 $5 a6 12. Nc7 Ne8 13. Nxe8 Rxe8 14. Be2 Qb6 15. Rb1 Qd4
16. Rd1 $14 {Kortschnoj,V-Gruenfeld,Y/Luzern/1982/INF33,(65)/}) 11... Ne8 (
11... a6 12. Nd4 Qa5 13. Nb3 Qg5 14. Qg3 Qf5 15. O-O-O b5 16. Bd3 Qh5 17. Be2
$13 {Matthias,H-Farago,I/Lippstadt/1994/CBM43/}) 12. Qd2 Qe7 13. Rd1 f5 {
Schwarz hat grosses Entwicklungsproblem mit seinem Damenfluegel, deswegen
beginnt er mit einem interessanten Manoever.} 14. Be2 Ne5 15. O-O Nf7 16. e4 $1
a6 17. Nd4 fxe4 18. Nxe4 b6 19. f4 $1 {Dieser Zug hat zwei Ziele: 1.Weiss
kontrolliert die e5 und g5 Punkte. 2.Droht f5 mit starkem Amgriff.} g6 {
Schwarz soll f5 verhindern.} 20. Bf3 Ra7 21. Rfe1 Rc7 22. b3 $14 {Der
Anziehende steht besser, weil seine Figuren (auch die Bauern) sehr gut
postieren und Schwarz Probleme mit seiner Bauernstuktur hat.} Nh6 23. Nc3 {
Droht /\ Nd5.} Qf6 24. Na4 Qxf4 25. Qxf4 Rxf4 26. Nxb6 {Droht /\ Nxe6 und Rd8.}
Bb7 27. Nd5 $6 {Mit dieser kleinen Kombination gewinnt Weiss einen Bauern,
aber er erschwert nur seine Aufgabe.} (27. Bxb7 $5 Rxb7 28. c5 $16 {Weiss /\
droht auch mit c6 und auch mit Nf3.}) 27... exd5 28. Rxe8+ Rf8 29. Rxf8+ Kxf8
30. cxd5 (30. Bxd5 Bxd5 31. cxd5 Rc5 32. Nf3 Nf7 $14) 30... Nf7 31. Kf2 Rc5 32.
Rd2 Ng5 (32... Bxd5 $4 33. b4 $18) 33. d6 Bxf3 34. gxf3 (34. Nxf3 $4 Ne4+ $19)
34... Rd5 35. b4 Rxd6 36. Nb3 Rb6 37. a3 Ke7 38. Nc5 d6 39. Re2+ Kf7 40. Nb3
Ne6 41. Rc2 Ke7 42. Rc8 Rb5 43. Rc6 Rh5 $1 44. Rxa6 Rxh2+ 45. Ke3 h5 46. Ra7+
Kf6 47. Nd2 d5 48. b5 d4+ 49. Kd3 Nf4+ 50. Ke4 Re2+ 51. Kxd4 {Es ist sehr oft
wichtig den Materialvorteil zu erreichen aber nicht immer. Einigemal ist es
besser den Druck aufzubehalten (siehe 27-sten Zug).} (51. Kxd4 Rxd2+ 52. Ke3
Rb2 53. Kxf4 Rxb5 $10) 1/2-1/2

[Event "Kemerovo1"]
[Site "Kemerovo"]
[Date "1995.??.??"]
[Round "9"]
[White "Filippov, Valerij"]
[Black "Pigusov, Evgeny"]
[Result "1-0"]
[WhiteElo "2510"]
[BlackElo "2580"]
[Annotator "Ribli,Z"]
[PlyCount "79"]
[EventDate "1995.08.??"]
[EventType "tourn"]
[EventRounds "11"]
[EventCountry "RUS"]
[EventCategory "12"]
[SourceTitle "CBM 050"]
[Source "ChessBase"]
[SourceDate "1996.02.01"]
[SourceVersion "1"]
[SourceVersionDate "1996.02.01"]
[SourceQuality "1"]

1. Nf3 Nf6 2. c4 c5 3. Nc3 Nc6 4. d4 cxd4 5. Nxd4 e6 6. g3 Qb6 7. Nb3 Ne5 8. e4
Bb4 9. Qe2 d6 10. f4 Nc6 11. Be3 Qc7 (11... Bxc3+ $5) 12. Bg2 b6 $6 {Eine
fragwuerdige Neuerung.} (12... Bxc3+ $1 13. bxc3 O-O 14. O-O b6 15. g4 Bb7 $5
16. g5 Nd7 17. Rf3 Rfe8 $5 $13 {Hjartarson,J-Arnason,J/Reykjavik/1995/CBM49/})
13. Rc1 $1 {Dieser Zug hat zwei Absichten: 1.Weiss will seine Bauernstruktur
nicht durch 13...Bxc3 14.bxc3 schwaechen lassen. 2.Die Drohung Nc3-d5 kommt
ins Spiel.} Bb7 14. O-O Bxc3 (14... O-O 15. Nd5 $1 exd5 16. cxd5 Bc5 17. dxc6
Bxc6 18. Nd4 $1 $16) 15. Rxc3 Nd7 $6 (15... O-O $5 16. Rd1 $14 {>< d6}) 16. Rd1
Nc5 17. e5 $1 {Beginn taktischer Komplikationen, die fuer Schwarz wegen dessen
schlechter Entwicklung (der Koeing noch auf e8) unguenstig enden.} Nxb3 (17...
dxe5 18. Nxc5 bxc5 19. Bxc5 exf4 20. Bd6 $16) 18. exd6 $1 Qd7 (18... Ncd4 19.
Bxd4 Nxd4 20. Rxd4 Qc5 21. Qe5 $18) 19. Rxb3 $1 {Im Enderergebnis hat der
Anziehende einen Bauern erobert, und er steht mit diesem riesenstarken
Freibauern deutlich besser.} Na5 20. Bxb7 Nxb7 (20... Qxb7 21. d7+ $18) 21. c5
$1 {Weiss gibt seinen Mehrbauern vorlaeufig zurueck.} Nxc5 (21... bxc5 22. Qa6
$18) 22. Bxc5 bxc5 23. Qe4 $1 {Weiss kontrolliert das Zentrum und postiert
seine Figuren gut.} O-O 24. Rb7 Qd8 25. d7 Qa5 26. Qc6 Qxa2 27. Qxc5 {Droht /\
Qf8 folgt d8Q} Qa6 {Der Partiezug ermoeglicht eine huebsche Kombination.} 28.
Rxa7 $1 Qe2 (28... Qxa7 29. Qxa7 Rxa7 30. d8=Q $18) (28... Rxa7 29. Qxf8+ Kxf8
30. d8=Q#) 29. Qd4 Rad8 (29... Rxa7 30. d8=Q $18) 30. b4 h5 31. Rd2 Qe1+ 32.
Kg2 Qb1 33. Rb2 Qc1 34. b5 Rb8 35. b6 Qc6+ 36. Kh3 e5 37. Qxe5 Rxb6 38. Rc7 Qd6
39. Rxb6 Qxb6 40. Rc8 1-0

[Event "Sufe Cup"]
[Site "Shanghai"]
[Date "2000.03.10"]
[Round "8"]
[White "Krasenkow, Michal"]
[Black "Peng, Xiaomin"]
[Result "1-0"]
[WhiteElo "2661"]
[BlackElo "2624"]
[Annotator "Ribli,Z"]
[PlyCount "47"]
[EventDate "2000.03.03"]
[EventType "tourn"]
[EventRounds "13"]
[EventCountry "CHN"]
[EventCategory "13"]
[SourceTitle "CBM 076"]
[Source "ChessBase"]
[SourceDate "2000.05.31"]
[SourceVersion "1"]
[SourceVersionDate "2000.05.31"]
[SourceQuality "1"]

1. c4 c5 2. Nf3 Nc6 3. d4 cxd4 4. Nxd4 e6 5. Nc3 Nf6 6. Bf4 {Eine seltene
Fortsetzung, derer sich ab und zu Kortchnoi bedient.} d6 $6 (6... d5) (6... a6)
7. Ndb5 Ne5 $6 {[%mdl 8192]} (7... e5 {Die schwarze Stellung ist nicht schön,
der Punkt d5 ist eine ewige Schwäche, dennoch ist diese Fortsetzung viel
besser als der Textzug.} 8. Bg5 a6 9. Na3 Be7 10. Qd2 (10. e3 Be6 11. Be2 O-O
12. O-O Qa5 13. Rc1 Rfd8 14. Bxf6 Bxf6 15. Bg4 e4 16. Bxe6 fxe6 17. Nab1 Qf5
18. Nd2 Bxc3 19. Rxc3 Rf8 20. Nb3 Rad8 {0-1 Shariyazdanov,A-Kuzuev,D/Pskov
1998/EXT 2000 (36)}) 10... O-O 11. g3 Be6 12. Bg2 Rc8 13. O-O Na5 14. Bxf6 Bxf6
15. b3 e4 16. Rad1 Bxc3 17. Qxc3 b5 18. Bxe4 bxc4 19. bxc4 {1/2-1/2 Garcia
Ilundain,D-Speelman,J/Andorra (zt) 75/(30) 1998/Inf 75 (19)}) 8. c5 $1 $16 {
Nach diesem Zug hat Schwarz große Probleme.} Nh5 (8... Bd7 9. e4 a6 10. Nxd6+
Bxd6 11. Qxd6 Ng6 12. Bg3 Bc6 13. f3 Qa5 14. O-O-O {1-0 Rivas Pastor,M-Mirza,S/
Thessaloniki 1984/EXT 97-B (44)}) 9. e3 $5 {Die schwarze Stellung ist
katastrofal - es ist interessant, dass ein Spieler mit mehr als 2600
ELO-Punkten nach 9 Zügen praktisch auf Verlust steht.} (9. cxd6 Nxf4 10. Nc7+
Kd7 11. Qa4+ $18) 9... Nxf4 10. exf4 Nc6 11. cxd6 Rb8 {Es gibt nichts besseres
gegen 12.Nc7+.} 12. Nc7+ Kd7 13. Ne4 {Droht einzügiges Matt mit 14.Nc5.} Qh4
14. g3 Qh6 15. Bb5 {Weiß verbessert seine Stellung durch natürliche Züge.} Kd8
16. Bxc6 bxc6 17. Qa4 $18 {Das Eingreifen der weißen Dame ist tödlich für
Schwarz.} Qg6 (17... Rxb2 18. O-O-O $1 Rb6 19. Qxa7 Rb4 20. Na8 $18) 18. O-O f5
(18... Rxb2 19. Qxc6 f5 20. Nd5 $5 {Droht das tödliche 21.Qc7+.} Qf7 21. Ne7
Bxe7 22. Qc7+ Ke8 23. dxe7 $18) 19. Qa5 fxe4 20. Nxe6+ Ke8 21. Qd8+ Kf7 22.
Ng5+ Kg8 23. d7 Bxd7 (23... Qf5 24. Qc7 Bxd7 25. Qxb8 h6 26. Qb3+ Qd5 27. Nxe4
$18) 24. Qxb8 {Schwarz gab in völlig hoffnungsloser Stellung auf.} 1-0

[Event "Buenos Aires Najdorf"]
[Site "Buenos Aires"]
[Date "1995.??.??"]
[Round "3"]
[White "Panno, Oscar"]
[Black "De Firmian, Nick E"]
[Result "1/2-1/2"]
[WhiteElo "2510"]
[BlackElo "2605"]
[Annotator "Ribli,Z"]
[PlyCount "126"]
[EventDate "1995.07.??"]
[EventType "tourn"]
[EventRounds "11"]
[EventCountry "ARG"]
[EventCategory "11"]
[SourceTitle "CBM 049"]
[Source "ChessBase"]
[SourceDate "1995.12.01"]
[SourceVersion "1"]
[SourceVersionDate "1995.12.01"]
[SourceQuality "1"]

1. c4 c5 2. Nf3 Nc6 3. d4 cxd4 4. Nxd4 Nf6 5. Nc3 e6 6. a3 Be7 7. e4 O-O 8. Be2
b6 {Das ist offenbar eine Neurung.} (8... d5 9. exd5 exd5 10. O-O Nxd4 11. Qxd4
Be6 12. cxd5 Nxd5 $10 {Kortschnoj,V-Kasparov,G/Horgen CS/1994/CBM43/}) 9. O-O
Bb7 10. Bf4 (10. Be3 Nxd4 (10... Rc8) 11. Qxd4 Bc5 12. Qd3 Bxe3 13. Qxe3 d6 14.
Rfd1 Qe7 $10) 10... d6 11. Nxc6 Bxc6 12. Bf3 Rc8 13. Re1 Qd7 14. a4 Ba8 15. b3
a6 16. Re3 Qc7 17. e5 (17. Rd3 Rfd8 18. Qd2 {/\ Rad1}) 17... dxe5 18. Bxe5 Qa7
(18... Qc5 {Die Dame ist hier aktiver als a7.} 19. Bxa8 Rxa8 20. Bxf6 Bxf6 21.
Ne4 Qe7 22. Nxf6+ Qxf6 23. Rc1 $10) 19. Bxa8 Qxa8 20. Rg3 {>< g7} Rfd8 21. Qc1
{Droht /\ Qg5} Rc5 22. Qe3 g6 23. Re1 (23. Bd4 Nh5 24. Rg4 Bg5 (24... Rg5 25.
h3 $14) 25. Rxg5 (25. Qf3 Qxf3 26. gxf3 Rc6 $13) (25. f4 Bf6 26. Bxc5 bxc5 $44)
25... Rxg5 26. Qxg5 Rxd4 $13) 23... Nh5 24. Rf3 Ng7 25. Bxg7 Kxg7 {[#]} 26. Nd5
$2 {Gewinnt eine Qualitet aber nicht die Partie.} (26. Rxf7+ $1 Kxf7 27. Qxe6+
Kg7 28. Qxe7+ Kh6 29. Nd5 $16 {Weiss hat mehr als genuegend Kompensation fuer
die geopferte Qualitaet. Vorher oder spaeter soll Schwarz die Qualitaet
zurueckgeben, dann bleibt mindestens einen gesunden Mehrbauern.} (29. h4 $5))
26... Rdxd5 $1 $8 27. cxd5 Qxd5 28. g3 Bf6 {Schwarz hat einen Bauern fuer die
Qualitaet, und seine Stellung ist sehr fest. Weiss hat nur theoretische
Chancen die Partie zu gewinnen.} 29. Qf4 Qd8 30. Kg2 {Droht /\ Rd1} g5 31. Qe4
Re5 32. Qb1 Rd5 33. h3 h5 34. Qc2 b5 $1 35. axb5 axb5 36. Re2 Qd7 37. Qe4 Rd4
38. Qa8 b4 39. Re4 Qd6 40. Rxf6 {Der letzte Versuch.} Rxe4 $1 (40... Kxf6 $4
41. Qh8+ $18) 41. Rxf7+ Kxf7 42. Qxe4 Qd5 43. f3 $1 {43.Qxd5? exd5 und nur
Schwarz kann gewinnen.} Qxb3 44. Qh7+ Ke8 45. Qxh5+ Kd7 46. Qf7+ $1 (46. Qxg5
Qc2+ 47. Kg1 b3 $17) 46... Kd6 47. Qf8+ Kd5 48. Qa8+ Kc5 49. Qc8+ Kd4 50. h4 $1
{Richtige Entscheidung, weil Weiss auch einen Freibauern braucht.} gxh4 51.
gxh4 Qa2+ 52. Kg3 Qd5 53. Qc1 Qe5+ 54. Kg4 Qf5+ 55. Kg3 Qg6+ 56. Kf2 b3 57.
Qe3+ Kc4 58. h5 $1 Qxh5 59. Qe4+ Kc3 60. Qe3+ Kc4 61. Qe4+ Kb5 62. Qd3+ Ka4 63.
Qd4+ Ka3 {Weiss kann das ewiges Schach nicht verhindern. Ribli} 1/2-1/2

[Event "Cutro 06th"]
[Site "Cutro"]
[Date "2000.05.04"]
[Round "8"]
[White "Drasko, Milan"]
[Black "Ortega, Lexy"]
[Result "1-0"]
[WhiteElo "2520"]
[BlackElo "2479"]
[Annotator "Ribli,Z"]
[PlyCount "75"]
[EventDate "2000.04.27"]
[EventType "tourn"]
[EventRounds "9"]
[EventCountry "ITA"]
[EventCategory "9"]
[SourceTitle "CBM 077"]
[Source "ChessBase"]
[SourceDate "2000.07.27"]
[SourceVersion "1"]
[SourceVersionDate "2000.07.27"]
[SourceQuality "1"]

1. Nf3 c5 2. c4 Nc6 3. d4 cxd4 4. Nxd4 Nf6 5. Nc3 e6 6. a3 {Zu dieser
Fortsetzung gibt es für Weiß eine Reihe von Alternativen: 6.g3, 6.Ndb5, 6.Bg5,
6.Bf4 und 6.e4. Durch den Textzug verhindert Weiß die Varianten mit Bb4 .} d5
$6 {Dieser Zug sieht natürlich aus, gefällt mir aber nicht, weil Schwarz mit
einem isolierten Bauern spielen muss.} (6... Be7 $142 $5 {Das ist die beste
Fortsetzung für Schwarz. Auch Kasparov spielte so in zwei Partien.} 7. e4 O-O
8. Be2 d5 $11) (6... Nxd4 7. Qxd4 b6) 7. cxd5 exd5 8. Bg5 Be7 9. e3 h6 (9...
O-O 10. Bb5 $5 Ne5 (10... Nxd4 11. Qxd4 Be6 12. O-O a6 13. Be2 h6 14. Bh4 Ne4
15. Bxe7 Nxc3 16. Qxc3 Qxe7 17. Qd4 Rac8 18. Rac1 Rc7 19. Bf3 {1-0 Speelman,
J-De Firmian,N/Moscow 1990/TD (52)}) (10... Bd7 11. O-O Nxd4 12. Qxd4 Bxb5 13.
Nxb5 Qd7 14. Nc3 Rfd8 15. Rad1 Qf5 16. Bh4 Qh5 17. Bg3 b6 18. Rd3 Bd6 19. Bxd6
Rxd6 20. h3 h6 21. Rfd1 Re8 22. Qa4 {1-0 Pigusov,E-Ernst,T/Reykjavik 1994/CBM
39 ext (85)}) (10... Bg4 11. Qa4 Nxd4 $6 (11... Ne5) 12. Qxd4 a6 13. Bd3 Qd7
14. O-O Rad8 15. Rac1 Bf5 $6 16. Rfd1 $14 {1/2-1/2 Speelman,J-Timman,J/
Reykjavik 1988/Inf 46/[Speelman,J] (44)}) 11. O-O h6 12. Bxf6 Bxf6 13. Qb3 a6
14. Be2 Nc6 15. Rad1 Bxd4 16. exd4 Be6 17. Bf3 Na5 18. Qa2 Nc4 19. Na4 b6 20.
b3 Nd6 21. Qd2 Rb8 22. Rfe1 Nb5 23. Qb4 Na7 {1/2-1/2 Hansen,L-Petran,P/
Budapest 1989/CBM 14 (23)}) (9... Qb6 10. Bb5 Be6 11. Na4 Qc7 12. Rc1 Bd7 13.
O-O Rc8 (13... O-O $6 14. Bf4 $14 Qc8 15. Bxc6 bxc6 16. Qc2 Kh8 17. Nxc6 Qa6
18. Nxe7 Bxa4 19. Qc3 {1-0 Smejkal,J-David,A/Prague 1993/CBM 37/[Ribli] (39)})
14. b4 O-O 15. Bf4 Qd8 16. Nxc6 Bxc6 17. Bxc6 bxc6 18. Nc5 Bxc5 19. Rxc5 Ne4
20. Rc2 a5 21. Qd4 {1/2-1/2 Vilela,J-Lesiege,A/Capablanca mem-A 1993/CBM 36 
(73)}) 10. Bh4 O-O 11. Be2 (11. Bb5 $5 $14) 11... Qb6 (11... Be6 12. O-O $14)
12. Na4 $1 (12. Qd2 Nxd4 (12... Ne4 13. Nxe4 (13. Nxd5 $6 Bxh4 14. Nxb6 Bxf2+
15. Kd1 (15. Kf1 $4 Nxd2+ 16. Kxf2 axb6) 15... Nxd2 16. Nxa8 Nxd4 17. exd4 Nb3
$17) 13... Bxh4 14. Nc3 Nxd4 15. exd4 Be6 $11) 13. Bxf6 (13. exd4 $11) 13...
Bxf6 (13... Nb3 14. Nxd5 $18) 14. Nxd5 Nc2+ 15. Qxc2 Qxb2 16. Nxf6+ Qxf6 $11)
12... Qa5+ 13. b4 Qd8 14. O-O a5 $6 {[%mdl 16384] Dieser Zug gefällt mir nicht,
er schwächt nur den Damenflügel. Dadurch wird das Feld b6 ein guter Stützpunkt
für Weiß.} (14... Ne4 15. Nxc6 bxc6 16. Bxe7 Qxe7 17. Rc1 {[%csl Yc5] Weiß hat
positionellen Druck am Damenflügel - der Pc6 und das Feld c5 sind schwach.} Bd7
18. Qd4 Rfd8 19. Ba6 Be8 20. Nc5 $14 {1/2-1/2 Tregubov,P-Karasev,V/St
Petersburg 1994/CBM 43 ext (50)}) 15. b5 Ne5 (15... Nxd4 $6 16. Qxd4 Be6 17.
Nb6 Rb8 18. Bg3 Bd6 19. Bxd6 Qxd6 20. Rfd1 $16) 16. Qc2 $14 {Weiß hat einen
starken Springer auf d4, und der schwarze Pd5 ist eine potentielle Schwäche.}
Bd7 (16... Ng6 17. Bg3 $14) 17. Nf5 Rc8 (17... Bxf5 18. Qxf5 $14) 18. Nxe7+
Qxe7 19. Qd2 {[%cal Rd2a5,Gd2d5]} (19. Qb2 g5 20. Bg3 Nc4 21. Bxc4 Rxc4 22. Nb6
$14) 19... g5 $8 {Mit diesem Zug schwächt Schwarz seine Königsstellung - aber
es gibt nichts anderes, denn nach Bxf6 ist der Pd5 nicht zu halten.} 20. Bg3
Nc4 21. Bxc4 Rxc4 (21... dxc4 $2 22. Bd6 Ne4 23. Bxe7 Nxd2 24. Bxf8 Nxf1 25.
Bxh6 $18 (25. Nb6 Rxf8 26. Nxd7 Rd8 27. Rd1 Kg7 28. Kxf1 c3 29. Ke2 c2 30. Rc1
Rxd7 31. Rxc2 $16)) 22. Nb6 {[%csl Gb6]} Rc5 23. a4 {[%csl Ga4,Ra5,Gb5,Gb6,Rd5]
Weiß hat eine starke Stellung am Damenflügel - die schwarzen Bauern auf d5 und
a5 sind schwach.} h5 24. Qd4 {[%cal Gg3e5]} (24. Rfc1 $16) (24. h3 $2 Ne4 25.
Qd4 Nxg3 26. fxg3 Be6 $11) 24... Be6 25. Rac1 $16 {[%mdl 2048] Nach diesem Zug
erringt Weiß die Herrschafft über die c-Linie. Ich möchte anmerken, dass der
schwarzfeldrige Läufer von Weiß aktiv steht, während der Be6 nur eine Funktion
erfüllt, und zwar die Verteidigung des Pd5.} Rxc1 26. Rxc1 h4 27. Be5 Ng4 (
27... Ne8 28. Nxd5 $18) 28. Rc7 {[%cal Rc7b7,Rc7e7] Das Eindringen des Turms
ist tödlich - Schwarz verliert einen Bauern.} Qd8 29. Rxb7 Nxe5 (29... f6 30.
Bc7 $18) 30. Qxe5 Re8 {[%cal Ge8e5]} 31. Qd4 {[%csl Gb6,Gb7,Gd4] Weiß hat zwar
nur einen Bauern mehr, dennoch sind die Hoffnungen von Schwarz gering, weil
der Pb5 praktisch nicht aufzuhalten ist.} Bc8 (31... g4 32. Ra7 $18 (32. Qf4 $6
d4 $132 {[%cal Ge8e1]})) 32. Ra7 Re6 33. Nxd5 $18 {Mit zwei Mehrbauern steht
Weiß auf Gewinn.} Rd6 34. e4 Be6 35. Ra6 Bxd5 (35... Rxa6 36. bxa6 $18 {
[%csl Ga6]}) 36. Rxd6 Qxd6 37. exd5 (37. Qxd5 $18) 37... Qb4 38. Qxb4 (38. Qxb4
axb4 39. b6 $18) 1-0